00921nam a22002777a 450000100060000000300090000600500170001500700060003200800410003801600100007902000150008904000220010410000190012624500820014526000330022730000300026049000450029050000470033570000180038283000450040094200120044594500270045795201050048495600390058999900150062881964DO-SdBNP20180131110927.081964900918s1988 sp spa 7 2BPMSU a8434586568 aBPMSUbspacBPMSU1 aKennemore, Tim10aMañana es hoy, hoy es ayer /cTim Kennemore ; traducción de Gloria Pujol.1 aBarcelona : bSalvat, c1988 a113 p. ;bil. : c22 cm. 1 aBiblioteca juvenil (Salvat Editores)v76 aTraducción de: Here tomorrow, gone today1 aPujol, Gloria 0aBiblioteca juvenil (Salvat Editores)v76 2ddccBK aInventariado, 2018 /LP 00102ddc40708CJ-GaBPMETbBPMETd2018-01-31eFUNDIl0pBPMSU18010095r2018-01-31w2018-01-31yBK aVMATEO2103201511206BPMSU800151 c8848d8848